Statistics for Most Viewed Books on Wikipedia

Click here to take the quiz!

General Stats

  • This quiz has been taken 20,908 times
    (20,789 since last reset)
  • The average score is 16 of 29

Answer Stats

ViewsAuthorBook or series ...% Correct
82 mJ. K. RowlingHarry Potter
99%
32 mJ. R. R. TolkienThe Lord of the Rings
91%
32 mGeorge OrwellNineteen Eighty-Four
83%
18 mJ. R. R. TolkienThe Hobbit
80%
19 mGeorge OrwellAnimal Farm
72%
50 mGeorge R. R. MartinA Song of Ice and Fire
70%
19 mMary ShelleyFrankenstein
68%
26 mHarper LeeTo Kill a Mockingbird
68%
18 mStephen KingIt
67%
34 mF. Scott FitzgeraldThe Great Gatsby
67%
22 mJane AustenPride and Prejudice
66%
21 mDanteInferno
62%
17 mHomerThe Odyssey
62%
18 mBram StokerDracula
61%
24 mLewis CarrollAlice’s Adventures in
Wonderland
58%
47 mSuzanne CollinsThe Hunger Games
58%
19 mvariousThe Bible
56%
22 mJ. D. SalingerThe Catcher in the Rye
53%
25 mVictor HugoLes Misérables
52%
17 mMiguel de CervantesDon Quixote
49%
17 mJohn SteinbeckOf Mice and Men
43%
50 mE. L. JamesFifty Shades of Grey
42%
20 mVladimir NabokovLolita
42%
24 mMargaret AtwoodThe Handmaid's Tale
42%
19 mAldous HuxleyBrave New World
40%
20 mStieg LarssonThe Girl with the
Dragon Tattoo
37%
18 mOscar WildeThe Picture of
Dorian Gray
37%
17 mMadonnaSex
13%
27 mvariousKama Sutra
5%

Score Distribution

Percentile by Number Answered

Percent of People with Each Score

Your Score History

You have not taken this quiz since the last reset